000 00378nam a22001577a 4500
020 _a978-81-264-5182-1
082 _a823
_bAUS/N
100 _aAUSTEN, JANE
245 _aNORTHANGER ABBEY
_bMANGO CLASICS
246 _aNORTHANGER ABBEY
_bMANGO CLASICS
260 _aKOTTAYAM
_bDC BOOKS
_c2015
300 _a64
520 _aMANGO CLASICS
650 _aMANGO CLASICS
942 _cBK
999 _c2864
_d2864